Arizona Coyotes roster - Statistics

General Stats
  • This quiz has been taken 78 times
    50 since last reset
  • The average score is 14 of 27
Answer Stats
Hint Answer % Correct
23 Ekman-Larsson
91%
9 Keller
88%
32 Raanta
79%
35 Kuemper
74%
33 Goligoski
71%
8 Schmaltz
68%
6 Chychrun
65%
18 Dvorak
65%
67 Crouse
62%
55 Demers
62%
83 Garland
62%
40 Grabner
62%
36 Fischer
59%
15 Richardson
56%
21 Stepan
53%
4 Hjalmarsson
50%
17 Galchenyuk
47%
13 Hinostroza
41%
82 Oesterle
38%
14 Panik
35%
25 Cousins
29%
75 Capobianco
26%
45 Archibald
24%
44 Connauton
24%
29 Kempe
18%
46 Lyubushkin
15%
30 Pickard
12%
No matching quizzes found
Score Distribution
Percent of People with Each Score
Percentile by Number Answered
Your Score History
You have not taken this quiz since the last reset